Rapaces Diurnas de España - Estadísticas

Estadísticas generales
  • Esta prueba ha sido intentada 37 veces
  • La puntuación promedio es 11 de 26
Estadísticas de respuestas
Hábitat Especie % Correcto
Alta Montaña Águila Real
94%
Alta Montaña/ Roquedos Buitre Leonado
88%
Alta Montaña/ Roquedos/ Pueblos y Ciudades Halcón Peregrino
84%
Alta Montaña Quebrantahuesos
75%
Dehesas/ Matorral Águila Imperial
72%
Dehesas/ Bosques de Montaña Buitre Negro
72%
Bosques Azor
63%
Lagos/ Embalses/ Playas/ Deltas Águila Pescadora
59%
Alta Montaña/ Roquedos Alimoche
56%
Bosques de Montaña Milano Real
47%
Bosques de Montaña/ Dehesas Águila Calzada
44%
Bosques de Montaña/ Bosques de Ribera/ Dehesas Milano Negro
41%
Bosques/ Dehesas Gavilán
38%
Praderas/ Pastizales Águilucho Cenizo
34%
Dehesas/ Praderas/ Matorral Cernícalo Vulgar
34%
Praderas/ Matorral/ Dehesas/ Alta Montaña Ratonero
34%
Pueblos/ Ciudades Cernícalo Primilla
31%
Acantilados costeros Halcón de Eleonor
28%
Praderas encharcadas/ Marismas Aguilucho Lagunero
25%
Bosques/ Dehesas Alcotán
22%
Praderas/ Pastizales Aguilucho Pálido
19%
Matorral/ Praderas/ Estepas Esmerejón
13%
Bosques/ Praderas Abejero Europeo
9%
Bosques de Montaña/ Dehesas Culebrera Europea
9%
Dehesas/ Matorral/ Praderas Elanio
9%
Roquedos/ Acantilados costeros/ Ciudades y Pueblos Halcón Tagarote
9%
No se encontraron pruebas coincidentes
Distribución de puntuación
Porcentaje de gente con cada puntuación
Porcentaje por número respondido
Historial de tus puntuaciones
No has intentado esta prueba.